Almanach dels noucentistes / (Record no. 190278)

MARC details
000 -LEADER
campo de control de longitud fija 01020nas a2200277 i 4500
001 - NÚMERO DE CONTROL
campo de control 190278
003 - IDENTIFICADOR DE NÚMERO DE CONTROL
campo de control ES-MaACL
005 - FECHA Y HORA DE LA ÚLTIMA TRANSACCIÓN
campo de control 20260616130213.0
008 - DATOS DE LONGITUD FIJA--INFORMACIÓN GENERAL
campo de control de longitud fija 201013d1911 sp ar | ||at d
022 ## - NÚMERO INTERNACIONAL NORMALIZADO PARA PUBLICACIONES SERIADAS
Número Internacional Normalizado para Publicaciones Seriadas 2481-7864
080 ## - NÚMERO DE LA CLASIFICACIÓN DECIMAL UNIVERSAL
Número de la Clasificación Decimal Universal (059)
245 00 - MENCIÓN DEL TÍTULO
Título Almanach dels noucentistes /
Mención de responsabilidad, etc. Eladi Homs, Homer, Joseph Clará ... [et al. ; gravats de C. Murtra].
260 ## - PUBLICACIÓN, DISTRIBUCIÓN, ETC.
Lugar de publicación, distribución, etc. Barcelona :
Nombre del editor, distribuidor, etc. [s.n.,
Fecha de publicación, distribución, etc. 1911] (
Fabricante Obrador de Joaquim Horta)
300 ## - DESCRIPCIÓN FÍSICA
Extensión 1 v. ([66] p., [12] h. de lám. col. y n.) :
Otras características físicas il. ;
Dimensiones 33 cm.
530 ## - NOTA DISPONIBLE DE FORMULARIO FÍSICO ADICIONAL
Nota de formato físico adicional disponible Disponible en formato digital.
650 #4 - PUNTO DE ACCESO ADICIONAL DE MATERIA--TÉRMINO DE MATERIA
Término de materia o nombre geográfico como elemento de entrada Literatura catalana-
Subdivisión cronológica S.XIX.
9 (RLIN) 168447
700 1# - ENTRADA AGREGADA--NOMBRE PERSONAL
Nombre de persona Homs, Eladi (
Fechas asociadas al nombre 1886-1973)
9 (RLIN) 174785
700 0# - ENTRADA AGREGADA--NOMBRE PERSONAL
Nombre de persona Homero
9 (RLIN) 64112
700 1# - ENTRADA AGREGADA--NOMBRE PERSONAL
Nombre de persona Clará, José (
Fechas asociadas al nombre 1878-1958)
9 (RLIN) 38989
852 4# - LOCALIZACIÓN
Ubicación ES-MaACL
Número de control de estantería F-14713
Encuadernación - Con hongos; restaurado 12-7-1991
856 4# - LOCALIZACIÓN Y ACCESO ELECTRÓNICOS
Identificador Uniforme de Recursos <a href="https://mdc.csuc.cat/digital/collection/llibimps19/id/57829">https://mdc.csuc.cat/digital/collection/llibimps19/id/57829</a>
Nota pública Memòria Digital de Catalunya
866 #0 - MENCIÓN TEXTUAL DE FONDOS--UNIDAD BIBLIOGRÁFICA BÁSICA
Fondos 1911
942 ## - ELEMENTOS DE ENTRADA SECUNDARIOS (KOHA)
Fuente del sistema de clasificación o colocación Clasificación decimal universal
Tipo de ítem Koha Periódico
Holdings
Estatus retirado Estado de pérdida Fuente del sistema de clasificación o colocación Estado de daño No para préstamo Colección Biblioteca de origen Biblioteca actual Ubicación en estantería Fecha de adquisición Total de préstamos Signatura topográfica completa Código de barras Visto por última vez Precio de reemplazo Tipo de ítem Koha
    Clasificación decimal universal     Colección digital Biblioteca del Ateneo de Madrid Biblioteca del Ateneo de Madrid Sala Pecera Planta 2 17/06/2005   F-14713 1202153 23/02/2023 23/02/2023 Revista